000 00445nam a2200181Ia 4500
001 8780
005 20260306160635.0
008 260306t2012||||xx |||||||||||||| ||spa||
041 _aESP
082 _a371.33
_bT79
100 _aTrejo Sánchez, Karina
_eAUT
245 0 _aMetodología del proceso enseñanza-aprendizaje
260 _c2012
300 _a134 páginas :
_c23 cm.
650 _aGEN
654 _aCED
942 _cLIB
_dJUS
_fJUS
_2ddc
_n
999 _c8780
_d8780